书目信息 |
| 题名: |
蹲下来,用爱和孩子说规矩
|
|
| 作者: | 莱维 著 ;谢幕娟 译 | |
| 分册: | ||
| 出版信息: | 北京 北京理工大学出版社 2016 |
|
| 页数: | 314页 | |
| 开本: | 24cm | |
| 丛书名: | ||
| 单 册: | ||
| 中图分类: | G78-49 | |
| 科图分类: | ||
| 主题词: | 家庭教育--Jia Ting Jiao Yu--通俗读物 | |
| 电子资源: | ||
| ISBN: | 978-7-5682-1759-0 | |
| 000 | 01188nam0 2200289 450 | |
| 001 | 012001004275 | |
| 005 | 20130128140337.0 | |
| 010 | @a978-7-5682-1759-0@dCNY38.00 | |
| 099 | @aCAL 012016132252 | |
| 100 | @a20160505d2016 em y0chiy50 ea | |
| 101 | 1 | @achi@ceng |
| 102 | @aCN@b110000 | |
| 105 | @ay z 000yy | |
| 106 | @ar | |
| 200 | 1 | @a蹲下来,用爱和孩子说规矩@e—位新西兰妈妈20年的育儿经@f(新西兰)黛安·莱维著@g谢幕娟译@Adun xia lai,yong ai he hai zi shuo gui ju |
| 210 | @a北京@c北京理工大学出版社@d2016 | |
| 215 | @a314页@d24cm | |
| 312 | @a书名原文:Of course I love you. now go to your room | |
| 330 | @a本书针对1-19岁孩子成长问题,作者温情讲述了如何将孩子从蹒跚学步的幼儿培养成为独立自主的青春少年的教养心得,为家长提供了专业、系统、充满关爱且切实有效的育儿方案。 | |
| 510 | 1 | @aOf course I love you. now go to your room@zeng |
| 517 | 1 | @a—位新西兰妈妈20年的育儿经@A— wei xin xi lan ma ma 20 nian de yu er jing |
| 606 | 0 | @a家庭教育@AJia Ting Jiao Yu@j通俗读物 |
| 690 | @aG78-49@v5 | |
| 701 | 1 | @c(新西兰)@a莱维@c(Levy, Diane)@4著@Alai wei |
| 702 | 0 | @a谢幕娟@4译@Axie mu juan |
| 801 | 2 | @aCN@b江苏凤凰@c20191020 |
| 905 | @b1219752-5@dG78-49@e1103@f4 | |
| 蹲下来,用爱和孩子说规矩:—位新西兰妈妈20年的育儿经/(新西兰)黛安·莱维著/谢幕娟译.-北京:北京理工大学出版社,2016 |
| 314页;24cm |
| ISBN 978-7-5682-1759-0:CNY38.00 |
| 本书针对1-19岁孩子成长问题,作者温情讲述了如何将孩子从蹒跚学步的幼儿培养成为独立自主的青春少年的教养心得,为家长提供了专业、系统、充满关爱且切实有效的育儿方案。 |
| ● |
| 相关链接 |
|
|
|
|
正题名:蹲下来,用爱和孩子说规矩
索取号:G78-49/1103
 
预约/预借
| 序号 | 登录号 | 条形码 | 馆藏地/架位号 | 状态 | 备注 |
| 1 | 1219752 | 212197521 | 第一样本阅览室/ [索取号:G78-49/1103] | 在馆 | |
| 2 | 1219753 | 212197530 | 教育系资料室/ [索取号:G78-49/1103] | 在馆 | |
| 3 | 1219754 | 212197549 | 教育系资料室/ [索取号:G78-49/1103] | 在馆 | |
| 4 | 1219755 | 212197558 | 第四借阅区/ [索取号:G78-49/1103] | 在馆 |